[Event "33. World Open"]
[Site "?"]
[Date "2005.06.01"]
[Round "4"]
[White "Ibragimov Ildar"]
[Black "Christiansen Larry M"]
[Result "1/2-1/2"]
[WhiteElo "2611"]
[BlackElo "2524"]
[PlyCount "81"]
[EventDate "2005.??.??"]
[Source "www.chesslib.no"]
[SourceDate "2004.05.04"]

1. e4 c5 2. d3 g6 3. g3 Bg7 4. Bg2 Nc6 5. f4 b5 6. Nf3 Rb8 7. O-O d6 8. h3 e6 9. Nc3 Nge7 10. Ne2 O-O 11. g4 f5 12. Ng3 Bb7 13. Re1 Qd7 14. c3 b4 15. Bd2 Kh8 16. gxf5 exf5 17. Qa4 fxe4 18. dxe4 Bc8 19. Qc2 bxc3 20. bxc3 Qc7 21. Rab1 Rxb1 22. Rxb1 d5 23. Re1 dxe4 24. Qxe4 Nf5 25. Ng5 Nce7 26. Nxf5 Nxf5 27. Qc6 Qd7 28. Bd5 Qxc6 29. Bxc6 Bf6 30. Ne6 Bxe6 31. Rxe6 Kg7 32. Be1 Rb8 33. Be4 Rb2 34. Bf2 Bxc3 35. Bxf5 gxf5 36. Ra6 Bd4 37. Bxd4+ cxd4 38. Rxa7+ Kg6 39. Rd7 Rxa2 40. Rxd4 Re2 41. Rd6+ 1/2-1/2

[Event "BL2-Sued 0001"]
[Site "Germany"]
[Date "2001.03.11"]
[Round "7.1"]
[White "Renner, Christoph"]
[Black "Krasenkow, Michal"]
[Result "0-1"]
[WhiteElo "2429"]
[BlackElo "2702"]
[PlyCount "74"]
[EventDate "2000.10.15"]
[Source "ChessBase"]
[SourceDate "2001.07.03"]

1. e4 c5 2. d3 Nc6 3. g3 d5 4. Nd2 e6 5. Bg2 g6 6. f4 Bg7 7. Ngf3 Nge7 8. O-O O-O 9. e5 f6 10. exf6 Bxf6 11. Re1 Bd7 12. Ne5 Nxe5 13. fxe5 Bg7 14. Nf3 Nc6 15. Bf4 Qb6 16. Qd2 Nd4 17. Nxd4 cxd4 18. Rab1 Rac8 19. Kh1 Qa6 20. a3 Rc5 21. h4 Rfc8 22. Rec1 Qa4 23. c3 dxc3 24. bxc3 b6 25. h5 gxh5 26. Bh3 d4 27. c4 Qc6+ 28. Bg2 Qc7 29. Re1 Bc6 30. Bxc6 Qxc6+ 31. Kh2 Rf8 32. Rf1 Rf5 33. Rbe1 Qe8 34. Re4 Qd8 35. Qe2 h6 36. Rf3 Rc7 37. Kh3 Kh7 0-1

[Event "Clichy vs Select GMs, Clichy FRA"]
[Site "?"]
[Date "2001.??.??"]
[Round "1"]
[White "Koch, JR."]
[Black "Tregubov, P."]
[Result "0-1"]
[WhiteElo "2505"]
[BlackElo "2625"]
[PlyCount "84"]
[EventDate "2001.??.??"]
[Source "www.chesslib.no"]
[SourceDate "2004.05.04"]

1. e4 c5 2. d3 Nc6 3. g3 Nf6 4. Bg2 d5 5. exd5 Nxd5 6. Nc3 Nxc3 7. bxc3 g6 8. Ne2 Bg7 9. O-O O-O 10. Be3 Qd6 11. Rb1 b6 12. Qd2 Bg4 13. Rfe1 Rad8 14. h3 Bf5 15. c4 Qd7 16. g4 Be6 17. Nf4 Qd6 18. Nd5 Bd7 19. Bf4 e5 20. Bg3 f5 21. gxf5 gxf5 22. f4 e4 23. dxe4 fxe4 24. Kh2 Nd4 25. Rxe4 Bf5 26. Re7 Kh8 27. Rbe1 Nxc2 28. Rd1 Nd4 29. Rxa7 Rg8 30. Bh4 Rde8 31. Re1 Rxe1 32. Qxe1 Be6 33. Be7 Qb8 34. Ra3 Bxd5 35. Bxd5 Qxf4+ 36. Qg3 Be5 37. Qxf4 Bxf4+ 38. Kh1 Rg6 39. Ra8+ Kg7 40. Bf8+ Kf6 41. Ra6 Ke5 42. Ra8 Nf5 0-1